Minimalism

Bibliographic Details
Main Author: Meyer, James Sampson , 1962- (Author)
Format: Book
Published: London : Phaidon Press , 2000
Subjects:

MARC

LEADER 00000cam a2200000 7i4500
001 0000038245
005 20180731093000.0
008 021119n
020 |a 0714834602 
090 0 0 |a N6494.M5   |b M49 2000 
245 0 0 |a Minimalism   |c edited by James Meyer 
260 2 |a London :   |b Phaidon Press ,   |c 2000 
300 |a 304 p. : ill. ; ;   |c 30 cm. 
504 |a Includes index 
650 0 |a Conceptual art 
650 0 |a Minimal art 
700 0 |a Meyer, James Sampson ,   |d 1962- ,   |e author 
999 |a 1000083952   |b Book   |c OPEN SHELF (30 DAYS)   |e Gong Badak Campus